00318nam a22001097a 4500003000400000005001700004008004100021040002000062100001700082245007400099260003500173OSt20240402162513.0240402b |||||||| |||| 00| 0 eng d cCentral Library aSubh Chittan aOtt Se Mann Dikhta Hain (ओट से मन दिखता है) aTamil NadubNotion Pressc2020